000 00579nam a22001817a 4500
005 20231113063753.0
008 231113b |||||||| |||| 00| 0 eng d
020 _a0702123471
041 _aEnglish
082 _a346.1 ZIM
100 _aZimmermann, R
_lEnglish
245 _aThe Law of Obligations Roman Foundations of the Civilian Tradition /
_cR Zimmermann
250 _aFirst Edition
260 _aCape Town :
_bJuta and Company Ltd,
_c1990
300 _blxiv, 1241 pages ;
_c26,4 cm.
650 _aLegal practice
_bLaw
942 _cBK
_6ALISON_BN_VRIES
999 _c538
_d538